000 00707nam a2200205 a 4500
001 000022791
005 20200930021811.0
008 101118s1998 sp 000 0 spa d
020 _a8477370699
040 _aDO-SdBNP
_bspa
_cBNPHU
082 _axxx
_bC348f
100 1 _aCastellanos Escudier, Alicia
_946829
245 1 0 _aFilipinas de la insurrección a la intervanción de EE.UU 1896-1898 /
_cAlicia Castellanos Escudier.
260 _aMadrid :
_bSílex,
_c1998.
300 _a335 p. :
_bmap. ;
_c24 cm.
500 _aIncluye índice toponímico y onomástico
500 _aIncluye datos biográficos de la autora en la solapa de la cubierta
504 _aBibliografías [p. 311-321]
049 _aBNPD
999 _c22288
_d22288